Online
Catalog

Teatro bequete / (Record no. 11081)

MARC details
000 -CABECERA
campo de control de longitud fija 00803nam a2200229 a 4500
001 - NÚMERO DE CONTROL
campo de control 000011374
005 - FECHA Y HORA DE LA ÚLTIMA TRANSACCIÓN
campo de control 20240412074225.0
008 - DATOS DE LONGITUD FIJA--INFORMACIÓN GENERAL
campo de control de longitud fija 091016s2001 dr a r 000 p spa d
020 ## - NÚMERO INTERNACIONAL ESTÁNDAR DEL LIBRO
Número Internacional Estándar del Libro 9993401404
040 ## - FUENTE DE LA CATALOGACIÓN
Centro catalogador/agencia de origen DO-SdBNP
Lengua de catalogación spa
Centro/agencia transcriptor BNPHU
082 ## - NÚMERO DE LA CLASIFICACIÓN DECIMAL DEWEY
Número de clasificación RD862.44
Número de documento/Ítem B957t
100 1# - ENTRADA PRINCIPAL--NOMBRE DE PERSONA
Nombre de persona Burgos Acosta, Carlos,
Fechas asociadas al nombre 1965-
9 (RLIN) 26990
245 10 - MENCIÓN DE TÍTULO
Título Teatro bequete /
Mención de responsabilidad, etc. Carlos Burgos Acosta; prólogo José Adolfo Pichardo.
260 ## - PUBLICACIÓN, DISTRIBUCIÓN, ETC.
Lugar de publicación, distribución, etc. Santo Domingo :
Nombre del editor, distribuidor, etc. Isla Negra,
Fecha de publicación, distribución, etc. 2001.
300 ## - DESCRIPCIÓN FÍSICA
Extensión 210 p. :
Otras características físicas il. ;
Dimensiones 22 cm.
500 ## - NOTA GENERAL
Nota general Incluye datos biográficos del autor en la solapa de la cubierta
590 ## - NOTA LOCAL (RLIN)
Nota local Inventariado, 2019 / DG
650 #0 - PUNTO DE ACCESO ADICIONAL DE MATERIA--TÉRMINO DE MATERIA
Término de materia o nombre geográfico como elemento de entrada Teatro dominicano
9 (RLIN) 637
650 #0 - PUNTO DE ACCESO ADICIONAL DE MATERIA--TÉRMINO DE MATERIA
Término de materia o nombre geográfico como elemento de entrada Literatura dominicana.
9 (RLIN) 67
700 1# - PUNTO DE ACCESO ADICIONAL--NOMBRE DE PERSONA
Nombre de persona Pichardo, José Adolfo,
Fechas asociadas al nombre 1964-
Término indicativo de función/relación pról.
9 (RLIN) 26369
910 ## - DATOS DE OPCIÓN DEL USUARIO (OCLC)
Datos de opción del usuario Validado. Control de calidad. MFF
Holdings
Estado de retiro Estado de pérdida Restricciones de uso No para préstamo Código de colección Localización permanente Ubicación/localización actual Ubicación en estantería Fecha de adquisición Número de inventario Total de préstamos Signatura topográfica completa Código de barras Fecha visto por última vez Número de copia Precio válido a partir de Tipo de ítem Koha
  Extraviado     Dominicana de Servicio General General Extraviado 16.10.2009 LF1   RD862.44 B957t 11374-30 25.06.2020 e. 3 25.06.2020 Libro y Folleto Colección Dominicana de Servicio
  Extraviado     Dominicana de Servicio General General Extraviado 16.10.2009 LF1   RD862.44 B957t 11374-40 25.06.2020 e. 4 25.06.2020 Libro y Folleto Colección Dominicana de Servicio
      Excluido de préstamo Patrimonio Dominicano Patrimonio Dominicano Patrimonio Dominicano Depósito 16.10.2009 LF1   RD862.44 B957t 11374-10 25.06.2020   25.06.2020 Libro y Folleto Colección Patrimonio Dominicano
  Extraviado   Excluido de préstamo Patrimonio Dominicano Patrimonio Dominicano Patrimonio Dominicano Extraviado 16.10.2009 LF1   RD862.44 B957t 11374-20 25.06.2020 e. 2 25.06.2020 Libro y Folleto Colección Patrimonio Dominicano

Powered by Koha